Crítica del Programa de Gotha

Đã lưu trong:
Chi tiết về thư mục
Tác giả chính: Marx, Karl Heinrich (autor)
Định dạng: Sách
Ngôn ngữ:Tiếng Tây Ban Nha
Được phát hành: Madrid Ricardo Aguilera 1971
Phiên bản:4a. ed
Loạt:Colección Orbe
Những chủ đề:
Các nhãn: Thêm thẻ
Không có thẻ, Là người đầu tiên thẻ bản ghi này!

MARC

LEADER 00000nam a2200000 a 4500
001 UCK5199
003 CL-VaPUC
005 20211018171558.0
008 050715e19710000SP |||||||||||||||||spa|d
999 |c 313833  |d 313831 
040 |c Pontificia Universidad Católica de Valparaíso 
082 0 4 |a 320.01  |b MAR  |2 21 
100 |a Marx, Karl Heinrich  |e autor  |9 863668 
245 1 0 |a Crítica del Programa de Gotha 
250 |a 4a. ed 
260 |a Madrid  |b Ricardo Aguilera  |c 1971 
300 |a 65 p 
490 0 |a Colección Orbe 
583 |a last modification  |c 20050715 00:00:00  |k Rodrigo Vera 
650 7 |a FILOSOFIA POLITICA  |2 CL-VaPUC  |9 493913 
650 0 |a Partidos políticos  |9 254999 
650 7 |a PROGRAMAS DE GOBIERNO  |2 CL-VaPUC  |9 452802 
650 0 |a Filosofía alemana   |9 265002 
942 |c BK  |2 ddc 
945 |d 20050715 00:00:00  |a cmena 
952 |0 0  |1 0  |4 0  |6 320_010000000000000_MAR_1971  |7 0  |8 P  |9 385486  |a BIBEDU  |b BIBEDU  |c BIBEDU_PB  |d 2019-11-22  |i 4147065  |o 320.01 MAR 1971  |p 4147065  |r 2024-01-25  |w 2019-11-22  |y BK  |k BME